Thuế : Tài liệu hướng dẫn học tập
Giới thiệu thuế đại cương, thuế giá trị gia tăng, thuế tiêu thụ đặc biệt, thuế xuất khẩu và nhập khẩu,...
Sparad:
| Huvudupphovsman: | |
|---|---|
| Materialtyp: | Bok |
| Språk: | Undetermined |
| Publicerad: |
Cần Thơ
Nxb. Đại học Cần Thơ
2012
|
| Ämnen: | |
| Taggar: |
Lägg till en tagg
Inga taggar, Lägg till första taggen!
|
| Thư viện lưu trữ: | Trung tâm Học liệu Trường Đại học Cần Thơ |
|---|
| LEADER | 00805nam a2200217Ia 4500 | ||
|---|---|---|---|
| 001 | CTU_229845 | ||
| 008 | 210402s9999 xx 000 0 und d | ||
| 082 | |a 336.2 | ||
| 082 | |b L451 | ||
| 100 | |a Trương, Đông Lộc | ||
| 245 | 0 | |a Thuế : | |
| 245 | 0 | |b Tài liệu hướng dẫn học tập | |
| 245 | 0 | |c Trương Đông Lộc (Biên soạn) | |
| 260 | |a Cần Thơ | ||
| 260 | |b Nxb. Đại học Cần Thơ | ||
| 260 | |c 2012 | ||
| 520 | |a Giới thiệu thuế đại cương, thuế giá trị gia tăng, thuế tiêu thụ đặc biệt, thuế xuất khẩu và nhập khẩu,... | ||
| 650 | |a Thuế,Taxation | ||
| 650 | |z Việt Nam,Vietnam | ||
| 910 | |b nthai | ||
| 980 | |a Trung tâm Học liệu Trường Đại học Cần Thơ | ||